000 01524nam a2200349 i 4500
999 _c64982
_d64982
001 768714001
003 CO-MdFUSB
005 20240531062746.0
008 190425t2013 -us |||| |||| 00| 0 eng d
020 _a97815587433511
040 _aCO-MdFUSB
_bspa
_cCO-MdFUSB
_dCO-MdFUSBC
_erda
041 _aspa
082 _226
_a261.836
_bC319
100 _aCarroll, Mark Daniel.
_eautor
245 _aChristians at the border : immigration, the church, and the Bible.
_c/ M.Daniel Carroll R.
250 _aSegunda edición.
264 1 _aEstados unidos :
_bBrazosPress,
_c[2013]
264 _c© 2013
300 _a29, 170 páginas.
_c; 22 cm
336 _2rdacontent
_asonidos
_btxt
337 _2rdamedia
_asin mediación
_bn
338 _2rdacarrier
_avolumen
_bnc
505 _a Prólogo / por Samuel Rodríguez - Inmigración hispana: ¿invasión u oportunidad? --De los inmigrantes, refugiados y exiliados: orientación del Antiguo Testamento, parte I - La ley y el peregrino: orientación del Antiguo Testamento, parte II - Bienvenida al extranjero: orientación del Nuevo Testamento - ¿Dónde nos encontramos? ¿ve desde aquí? : pensamientos finales - Epílogo / por Ronald J. Sider.
630 0 7 _aBiblia
_xCrítica, interpretación, etc.
650 7 _aCristianismo
_2
_922
650 0 _91175
_aAcción social
650 7 _2sears
_93
_aCultura
650 7 _9452
_aEmigración e inmigración
_xAspectos religiosos
650 7 _9385
_aReligión
653 _aEmigración e inmigración en la biblia
942 _cBK